Ẩn dụ tri nhận của thành ngữ có yếu tố chỉ loài vật trong tiếng Việt /

Đã lưu trong:
書目詳細資料
主要作者: Nguyễn Văn Lập.
其他作者: Phan Phương Thanh.
格式: Bài viết
語言:Vietnamese
主題:
標簽: 添加標簽
沒有標簽, 成為第一個標記此記錄!
Thư viện lưu trữ: Thư viện Trường Đại học Đà Lạt
LEADER 00881nam a2200289 4500
001 DLU210195892
005 ##20210325
040 # # |a DLU  |b vie 
041 # # |a vie 
044 # # |a vn 
100 # # |a Nguyễn Văn Lập. 
245 # # |a Ẩn dụ tri nhận của thành ngữ có yếu tố chỉ loài vật trong tiếng Việt /  |c Nguyễn Văn Lập, Phan Phương Thanh. 
653 # # |a Ẩn dụ 
653 # # |a Loài vật 
653 # # |a Thành ngữ 
653 # # |a Tri nhận 
700 # # |a Phan Phương Thanh. 
773 # # |t Tạp chí Ngôn ngữ và đời sống  |g Số 9, 2018, tr. 23-26 
920 # # |a Phòng Tạp chí -- Trung tâm Thông tin - Thư viện Trường Đại học Đà Lạt 
994 # # |a DLU 
900 # # |a True 
911 # # |a Trần Thị Minh Hương 
925 # # |a G 
926 # # |a A 
927 # # |a BB 
980 # # |a Thư viện Trường Đại học Đà Lạt